10 największych miast w Nigerii - Statystyki

Ogólne statystyki
  • Ten quiz został rozwiązany 56 razy
  • Średni wynik to 5 z 10
Statystyki odpowiedzi
Populacja Odpowiedź % Poprawnych
1 353 tys. Abudża
92%
9 968 tys. Lagos
92%
2 376 tys. Kano
62%
5 175 tys. Ibadan
59%
2 407 tys. Benin
54%
2 101 tys. Port Harcourt
46%
2 061 tys. Kaduna
32%
1 597 tys. Aba
27%
1 126 tys. Maiduguri
24%
1 085 tys. Ilorin
22%
Nie znaleziono quizów pasujących do podanych kryteriów
Rozkład punktacji
Procent ludzi z każdym wynikiem
Percentyl według liczby udzielonych odpowiedzi
Twoja historia wyników
Nie rozwiązałeś tego quizu